| 000 | 00461nam a2200157 i 4500 | ||
|---|---|---|---|
| 001 | 73872 | ||
| 003 | ES-MaACL | ||
| 005 | 20230906171940.0 | ||
| 007 | t| | ||
| 008 | 040913s1969 sp ||||1| spa d | ||
| 100 | 1 |
_aGonzález Arizmendi, Francisco. _958433 |
|
| 245 | 1 | 3 |
_aLa enseñanza profesional al día / _cFrancisco González Arizmendi. |
| 260 |
_aLeón : _bEverest, _c[1969] |
||
| 300 |
_a142 p. : _bil. ; _c24 cm. |
||
| 852 |
_aES-MaACL _jC-44102 _bR.73254 |
||
| 999 |
_c73872 _d73872 |
||